000
00267nam a2200109Ia 4500
008
190911s9999||||xx |||||||||||||| ||und||
100
_a
Carruth,J.H.
245
4
_a
The Theory OF Topological Semigroups
260
_a
USA
_b
Mc Graw Hill
_c
1983
300
_a
243
942
_c
BK
999
_c
6803
_d
6803